[Event "London Classic Superblitz Final"]
[Site "London"]
[Date "2024.12.07"]
[Round "3"]
[White "Adams, Michael"]
[Black "Smirin, Ilia"]
[Result "0-1"]
[WhiteElo "2662"]
[BlackElo "2574"]
[PlyCount "100"]
[EventDate "2024.12.07"]
[EventType "tourn (blitz)"]
[EventRounds "7"]
[EventCountry "ENG"]
[EventCategory "17"]
[SourceTitle "CB04_2025"]
[SourceDate "2025.01.22"]
[SourceVersion "1"]
[SourceVersionDate "2025.01.22"]
[SourceQuality "1"]

1. e4 c5 2. Nf3 e6 3. c3 d5 4. exd5 exd5 5. d4 Nc6 6. Bb5 Bd6 7. 0-0 Nge7 8. dxc5 Bxc5 9. Nbd2 0-0 10. Nb3 Bd6 11. h3 h6 12. Re1 Bf5 13. Bd3 Qd7 14. Bxf5 Nxf5 15. Qd3 Rfe8 16. Bd2 Re6 17. Rxe6 fxe6 18. Re1 Rf8 19. c4 Nfe7 20. cxd5 exd5 21. Bc3 Qf5 22. Qxf5 Nxf5 23. Rd1 Rd8 24. Kf1 Nfe7 25. Nbd4 Kf7 26. Rd3 a6 27. a3 Bc5 28. Ne2 Nf5 29. g4 Nfe7 30. h4 Bb6 31. h5 g6 32. hxg6+ Nxg6 33. Bd2 Nce5 34. Nxe5+ Nxe5 35. Rb3 Nc4 36. Bxh6 Rh8 37. Bf4 Rh4 38. f3 Rh1+ 39. Kg2 Rd1 40. Nc3 Rd3 41. Rb4 a5 42. Rb5 d4 43. Nd5 Bd8 44. Rxb7+ Ke6 45. Nc7+ Bxc7 46. Rxc7 Nxb2 47. Rc5 Rxa3 48. Be5 Nd3 49. Bxd4 Nxc5 50. Bxc5 Rb3 0-1

[Event "London Classic Superblitz Final"]
[Site "London"]
[Date "2024.12.07"]
[Round "6"]
[White "Adams, Michael"]
[Black "Stefansson, Vignir Vatnar"]
[Result "1-0"]
[WhiteElo "2662"]
[BlackElo "2537"]
[PlyCount "89"]
[EventDate "2024.12.07"]
[EventType "tourn (blitz)"]
[EventRounds "7"]
[EventCountry "ENG"]
[EventCategory "17"]
[SourceTitle "CB04_2025"]
[SourceDate "2025.01.22"]
[SourceVersion "1"]
[SourceVersionDate "2025.01.22"]
[SourceQuality "1"]

1. e4 d6 2. d4 Nf6 3. Nc3 e5 4. Nf3 Nbd7 5. g3 c6 6. a4 g6 7. Bg2 Bg7 8. 0-0 0-0 9. Re1 Qc7 10. h3 a5 11. Be3 Re8 12. Qd2 exd4 13. Nxd4 Nc5 14. Bf4 Nh5 15. Bh6 Bd7 16. Rad1 Rad8 17. Bxg7 Nxg7 18. Nf3 Bc8 19. Qh6 Nge6 20. b3 Qe7 21. Qd2 Qf6 22. Re3 Nc7 23. Qe1 Qg7 24. Nd4 N7e6 25. Nce2 Ng5 26. Nf4 Qe5 27. h4 Nge6 28. Ndxe6 Nxe6 29. Nd3 Qh5 30. e5 Nd4 31. Nf4 Qxd1 32. Qxd1 dxe5 33. Nd3 f6 34. c3 Nf5 35. Re1 Be6 36. Qc2 Bd5 37. Nc5 Bxg2 38. Kxg2 b6 39. Ne4 Kf7 40. Rd1 Rd5 41. c4 Rxd1 42. Qxd1 Ke7 43. c5 Rd8 44. Qe1 bxc5 45. Qxa5 1-0

[Event "London Classic Superblitz Final"]
[Site "London"]
[Date "2024.12.07"]
[Round "5"]
[White "Adams, Michael"]
[Black "Vachier Lagrave, Maxime"]
[Result "0-1"]
[WhiteElo "2662"]
[BlackElo "2731"]
[PlyCount "146"]
[EventDate "2024.12.07"]
[EventType "tourn (blitz)"]
[EventRounds "7"]
[EventCountry "ENG"]
[EventCategory "17"]
[SourceTitle "CB04_2025"]
[SourceDate "2025.01.22"]
[SourceVersion "1"]
[SourceVersionDate "2025.01.22"]
[SourceQuality "1"]

1. e4 c5 2. Nf3 d6 3. Nc3 Nf6 4. d4 cxd4 5. Qxd4 Nc6 6. Qe3 g6 7. Bc4 Bg7 8. h3 0-0 9. 0-0 Bd7 10. Rd1 Rc8 11. Bf1 Qc7 12. a3 Rfd8 13. Qe1 Qb8 14. Bf4 a6 15. Rac1 b5 16. Nd5 Be6 17. c3 Qb7 18. Qe3 Bxd5 19. exd5 Na5 20. Bh6 Nxd5 21. Qg5 Nf6 22. Bxg7 Kxg7 23. Nd4 Kh8 24. Re1 Nc6 25. Nf3 Kg7 26. Rcd1 e6 27. Rd3 Ne7 28. Nd4 h6 29. Qd2 e5 30. Nc2 Qc7 31. Nb4 a5 32. Nc2 Rb8 33. Rde3 Nf5 34. Rf3 d5 35. Ne3 Nh4 36. Rxf6 Kxf6 37. Ng4+ Ke6 38. Rxe5+ Kd7 39. Rxd5+ Kc8 40. Rxd8+ Qxd8 41. Qe3 Nf5 42. Qc5+ Qc7 43. Qd5 Qd7 44. Qc5+ Qc7 45. Qd5 Qd7 46. Qe4 Qe6 47. Qf4 h5 48. Ne5 Rb6 49. Nd3 Qd6 50. Qe4 Qc6 51. Qe5 Qc7 52. Qe8+ Kb7 53. g3 Ka7 54. Bg2 Rb8 55. Qe4 Nd6 56. Qe5 Re8 57. Qd5 h4 58. gxh4 Qb6 59. b4 axb4 60. axb4 Qc7 61. Kf1 Rd8 62. Qd4+ Qb6 63. Nc5 Nc4 64. Qf4 f5 65. Kg1 Rd1+ 66. Bf1 Nd2 67. Kg2 Qc6+ 68. f3 Nxf1 69. Qe5 Rd2+ 70. Kg1 Nh2 71. Qe7+ Kb6 72. Na4+ bxa4 73. Qe3+ Kb7 0-1

[Event "London Classic Superblitz Final"]
[Site "London"]
[Date "2024.12.07"]
[Round "7"]
[White "Jones, Gawain C B"]
[Black "Adams, Michael"]
[Result "0-1"]
[WhiteElo "2639"]
[BlackElo "2662"]
[PlyCount "122"]
[EventDate "2024.12.07"]
[EventType "tourn (blitz)"]
[EventRounds "7"]
[EventCountry "ENG"]
[EventCategory "17"]
[SourceTitle "CB04_2025"]
[SourceDate "2025.01.22"]
[SourceVersion "1"]
[SourceVersionDate "2025.01.22"]
[SourceQuality "1"]

1. Nf3 d5 2. c4 d4 3. b4 c5 4. g3 cxb4 5. a3 b3 6. d3 Nc6 7. Nbd2 e5 8. Nxb3 Be7 9. Bg2 Nf6 10. 0-0 0-0 11. e3 dxe3 12. Bxe3 Bf5 13. d4 exd4 14. Nfxd4 Nxd4 15. Nxd4 Be4 16. Bh3 Qc7 17. Qb3 b6 18. Rad1 Rad8 19. Nf5 Bc5 20. Bg5 Rxd1 21. Qxd1 Bxf5 22. Bxf5 Qe5 23. Qf3 g6 24. Bxf6 Qxf6 25. Be4 Qxf3 26. Bxf3 Rd8 27. Bd5 Re8 28. a4 Re2 29. g4 Rb2 30. Kg2 a5 31. h4 Kg7 32. Kf3 Ra2 33. Bc6 Rd2 34. Bd5 Rd3+ 35. Ke2 Rd4 36. Kf3 h5 37. gxh5 gxh5 38. Rg1+ Kf6 39. Rh1 Bd6 40. Ke3 Rg4 41. Kd3 Rf4 42. f3 Bc5 43. Be4 Ke5 44. Re1 Rxh4 45. Bd5+ Kf6 46. Re8 Rd4+ 47. Ke2 Rf4 48. Re4 Rf5 49. f4 h4 50. Kf3 Rh5 51. Kg4 Rh8 52. Re2 Bd6 53. Rh2 Rg8+ 54. Kf3 Rg3+ 55. Ke2 h3 56. Bb7 Bxf4 57. Bc8 Re3+ 58. Kf2 Re8 59. Rxh3 Rxc8 60. Kf3 Rxc4 61. Rh5 Rxa4 0-1

[Event "London Classic Superblitz Gp-B"]
[Site "London"]
[Date "2024.12.07"]
[Round "5"]
[White "Parker, Jonathan"]
[Black "Adams, Michael"]
[Result "0-1"]
[WhiteElo "2526"]
[BlackElo "2662"]
[PlyCount "76"]
[EventDate "2024.12.07"]
[EventType "tourn (blitz)"]
[EventRounds "7"]
[EventCountry "ENG"]
[EventCategory "11"]
[SourceTitle "CB04_2025"]
[SourceDate "2025.01.22"]
[SourceVersion "1"]
[SourceVersionDate "2025.01.22"]
[SourceQuality "1"]

1. d4 Nf6 2. c4 e6 3. Nf3 b6 4. Nc3 Bb4 5. e3 Bb7 6. Bd3 0-0 7. 0-0 c5 8. Na4 cxd4 9. a3 Be7 10. exd4 d5 11. c5 bxc5 12. Nxc5 Qb6 13. b4 Bc6 14. Rb1 Bb5 15. Ne5 Bxd3 16. Qxd3 Rd8 17. Bg5 h6 18. Bh4 a6 19. Rfc1 Ra7 20. a4 Rc7 21. a5 Qa7 22. Bg3 Rcc8 23. h3 Ne8 24. Nf3 Nd6 25. Nd2 Nb5 26. Nf3 Nc6 27. Re1 Bf6 28. Be5 Bxe5 29. Nxe5 Ncxd4 30. Rbd1 Nc6 31. Nxc6 Rxc6 32. Kh1 Qb8 33. g3 d4 34. f4 Rcd6 35. Kh2 Nc3 36. Rd2 Qxb4 37. Ne4 Nxe4 38. Rxe4 Qxa5 0-1

[Event "London Classic Superblitz Gp-B"]
[Site "London"]
[Date "2024.12.07"]
[Round "2"]
[White "Vachier Lagrave, Maxime"]
[Black "Adams, Michael"]
[Result "1/2-1/2"]
[WhiteElo "2731"]
[BlackElo "2662"]
[PlyCount "112"]
[EventDate "2024.12.07"]
[EventType "tourn (blitz)"]
[EventRounds "7"]
[EventCountry "ENG"]
[EventCategory "11"]
[SourceTitle "CB04_2025"]
[SourceDate "2025.01.22"]
[SourceVersion "1"]
[SourceVersionDate "2025.01.22"]
[SourceQuality "1"]

1. e4 e5 2. Nf3 Nc6 3. Bb5 a6 4. Ba4 Nf6 5. 0-0 Be7 6. d3 b5 7. Bb3 d6 8. a3 0-0 9. Nc3 Nb8 10. Bd2 Nbd7 11. a4 b4 12. Nd5 Nxd5 13. Bxd5 Rb8 14. a5 Nf6 15. Bc4 c5 16. Bg5 Ng4 17. Bxe7 Qxe7 18. Nd2 Nf6 19. Qe2 Bb7 20. Rae1 Rbe8 21. Bb3 Bc8 22. f4 exf4 23. Rxf4 Be6 24. Ba4 Bd7 25. Bxd7 Nxd7 26. Qf2 Ne5 27. Nf3 b3 28. Nxe5 dxe5 29. Rf3 bxc2 30. Qxc2 Rb8 31. Rf2 Rb5 32. Ra1 Qe6 33. h3 h6 34. Ra4 Rfb8 35. Qc3 f6 36. Rc4 Qd6 37. Qa3 Rb4 38. Rfc2 Rxc4 39. Rxc4 Rb4 40. Qc3 Rb5 41. Kh2 Kh7 42. Qa3 Qc7 43. Qc3 Qxa5 44. Qc2 Qb6 45. Qf2 Kg8 46. Qf5 Qc6 47. Rc2 Rb8 48. Qf2 Rb5 49. b4 Rxb4 50. Rxc5 Qd7 51. Qc2 Rb7 52. Qc4+ Kh7 53. Qxa6 Ra7 54. Qb5 Qxb5 55. Rxb5 Rd7 56. Rb3 h5 1/2-1/2

[Event "London Classic Superblitz Final"]
[Site "London"]
[Date "2024.12.07"]
[Round "2"]
[White "Vidit, Santosh Gujrathi"]
[Black "Adams, Michael"]
[Result "1-0"]
[WhiteElo "2727"]
[BlackElo "2662"]
[PlyCount "63"]
[EventDate "2024.12.07"]
[EventType "tourn (blitz)"]
[EventRounds "7"]
[EventCountry "ENG"]
[EventCategory "17"]
[SourceTitle "CB04_2025"]
[SourceDate "2025.01.22"]
[SourceVersion "1"]
[SourceVersionDate "2025.01.22"]
[SourceQuality "1"]

1. e4 e5 2. Nf3 Nc6 3. Bc4 Nf6 4. d3 Bc5 5. 0-0 d6 6. c3 h6 7. Re1 0-0 8. Nbd2 Bb6 9. Bb3 a5 10. Nf1 Be6 11. Bxe6 fxe6 12. Be3 Bxe3 13. Rxe3 a4 14. Ng3 Qe8 15. d4 Nd7 16. Rc1 Qf7 17. h3 Kh8 18. Qc2 Qf6 19. Rd1 Nb6 20. Qe2 Rf7 21. dxe5 Nxe5 22. Nh5 Nxf3+ 23. Rxf3 Qe7 24. Nf4 Kg8 25. e5 d5 26. Ng6 Qe8 27. Rg3 Nd7 28. Rd4 Nf8 29. Rdg4 Nxg6 30. Rxg6 Kf8 31. Qg4 Ra6 32. Rxg7 1-0

[Event "London Classic Superblitz Final"]
[Site "London"]
[Date "2024.12.07"]
[Round "4"]
[White "Vitiugov, Nikita"]
[Black "Adams, Michael"]
[Result "1/2-1/2"]
[WhiteElo "2668"]
[BlackElo "2662"]
[PlyCount "140"]
[EventDate "2024.12.07"]
[EventType "tourn (blitz)"]
[EventRounds "7"]
[EventCountry "ENG"]
[EventCategory "17"]
[SourceTitle "CB04_2025"]
[SourceDate "2025.01.22"]
[SourceVersion "1"]
[SourceVersionDate "2025.01.22"]
[SourceQuality "1"]

1. d4 Nf6 2. Bg5 d5 3. e3 Nbd7 4. Nf3 h6 5. Bh4 e6 6. Nbd2 Be7 7. Bd3 b6 8. c3 Bb7 9. Qe2 Ne4 10. Bg3 Nxd2 11. Nxd2 0-0 12. 0-0 Nf6 13. Bh4 Nd7 14. Bxe7 Qxe7 15. f4 Nf6 16. Nf3 c5 17. Ne5 Ne4 18. a4 Rfd8 19. a5 Rac8 20. axb6 axb6 21. Bxe4 dxe4 22. Ra7 Rc7 23. Qb5 cxd4 24. cxd4 Bd5 25. Rxc7 Qxc7 26. Qb4 f6 27. Ng4 Rc8 28. h3 b5 29. f5 h5 30. Nh2 Qg3 31. Qd2 Bc4 32. Qf2 Qxf2+ 33. Rxf2 exf5 34. Rxf5 Bd3 35. Rxh5 Rc1+ 36. Kf2 Rc2+ 37. Kg3 Rxb2 38. Ng4 Bf1 39. Nf2 Re2 40. Rxb5 Rxe3+ 41. Kf4 Re2 42. Rb8+ Kh7 43. Nxe4 Bxg2 44. Nc5 Bxh3 45. d5 Re5 46. Rd8 g5+ 47. Kg3 Bf5 48. Na6 Re3+ 49. Kf2 Rd3 50. Nc5 Rc3 51. Na6 Kg6 52. d6 Rd3 53. Nc5 Rd5 54. Na4 Be6 55. Nc3 Rd3 56. Ne4 Bf5 57. Ng3 Bg4 58. Ne4 Kf5 59. Nc5 Rd5 60. d7 Kf4 61. Rf8 Bxd7 62. Nxd7 Rxd7 63. Rxf6+ Kg4 64. Kg1 Kg3 65. Rf1 Rd3 66. Ra1 g4 67. Rb1 Kh3 68. Ra1 g3 69. Rb1 Rd2 70. Ra1 Rc2 1/2-1/2

[Event "London Classic Superblitz Gp-B"]
[Site "London"]
[Date "2024.12.07"]
[Round "7"]
[White "Zhao, George"]
[Black "Adams, Michael"]
[Result "1/2-1/2"]
[WhiteElo "2220"]
[BlackElo "2662"]
[PlyCount "66"]
[EventDate "2024.12.07"]
[EventType "tourn (blitz)"]
[EventRounds "7"]
[EventCountry "ENG"]
[EventCategory "11"]
[SourceTitle "CB04_2025"]
[SourceDate "2025.01.22"]
[SourceVersion "1"]
[SourceVersionDate "2025.01.22"]
[SourceQuality "1"]

1. d4 Nf6 2. c4 e6 3. g3 d5 4. Nf3 dxc4 5. Bg2 a6 6. 0-0 Nc6 7. e3 Bd7 8. Qe2 b5 9. b3 cxb3 10. axb3 Be7 11. Bb2 0-0 12. Rc1 Nd5 13. Nbd2 Ncb4 14. Ne1 a5 15. Nd3 a4 16. Nxb4 Bxb4 17. bxa4 Rxa4 18. Rxa4 bxa4 19. Nc4 Bb5 20. Qc2 Qe7 21. Ne5 a3 22. Ba1 Bd6 23. Nc4 Bb4 24. Qb3 h6 25. Ne5 Rd8 26. Rb1 a2 27. Qxa2 Be8 28. Qc4 Bd6 29. Nd3 Nb6 30. Qc2 Nd5 31. Qc4 Nb6 32. Qc2 Nd5 33. Qc4 Nb6 1/2-1/2

[Event "London Classic 14th"]
[Site "London"]
[Date "2024.12.06"]
[Round "7"]
[White "Adams, Michael"]
[Black "Hong, Andrew Z"]
[Result "1/2-1/2"]
[WhiteElo "2662"]
[BlackElo "2572"]
[PlyCount "75"]
[EventDate "2024.11.29"]
[EventType "tourn"]
[EventRounds "7"]
[EventCountry "ENG"]
[EventCategory "16"]
[SourceTitle "CB50_2024"]
[SourceDate "2024.11.01"]
[SourceVersion "1"]
[SourceVersionDate "2024.11.01"]
[SourceQuality "2"]

1. e4 c5 2. Nf3 d6 3. Nc3 Nf6 4. d4 cxd4 5. Qxd4 Nc6 6. Qe3 g6 7. Bc4 Bg7 8. h3 0-0 9. 0-0 Na5 10. Bd3 Be6 11. Rd1 Qc8 12. Qe1 Re8 13. Rb1 a6 14. b3 Nc6 15. Bf1 Nb4 16. Nd4 Bd7 17. Ba3 Nc6 18. Nf3 b5 19. Bb2 Nb4 20. Rd2 Bh6 21. Re2 e5 22. a3 Nc6 23. Bc1 Bxc1 24. Rxc1 Nd4 25. Re3 Qc5 26. b4 Qa7 27. Qd2 Bc6 28. Rce1 Rac8 29. Rd3 Nxf3+ 30. Rxf3 Qe7 31. a4 Rb8 32. axb5 axb5 33. Rd3 Red8 34. Rd1 Nxe4 35. Nxe4 Bxe4 36. Rxd6 Rxd6 37. Qxd6 Qxd6 38. Rxd6 1/2-1/2

[Event "London Classic 14th"]
[Site "London"]
[Date "2024.12.05"]
[Round "6"]
[White "Mamedyarov, Shakhriyar"]
[Black "Adams, Michael"]
[Result "0-1"]
[WhiteElo "2738"]
[BlackElo "2662"]
[PlyCount "242"]
[EventDate "2024.11.29"]
[EventType "tourn"]
[EventRounds "7"]
[EventCountry "ENG"]
[EventCategory "16"]
[SourceTitle "CB50_2024"]
[SourceDate "2024.11.01"]
[SourceVersion "1"]
[SourceVersionDate "2024.11.01"]
[SourceQuality "2"]

1. c4 e5 2. Nc3 Nf6 3. Nf3 Nc6 4. e3 Bb4 5. Qc2 Bxc3 6. bxc3 0-0 7. e4 d6 8. Be2 Ne7 9. 0-0 Ng6 10. Re1 Re8 11. a4 c6 12. d3 d5 13. h3 h6 14. Bf1 dxe4 15. dxe4 Be6 16. Be3 Nd7 17. a5 b6 18. Qa4 Rc8 19. Red1 Qc7 20. Ne1 Ngf8 21. Nd3 c5 22. Ne1 Nb8 23. Nc2 Nc6 24. axb6 axb6 25. f3 Qb7 26. Bf2 Ra8 27. Qb5 Nd7 28. Ne3 Rxa1 29. Rxa1 Ra8 30. Rxa8+ Qxa8 31. Nd5 Na5 32. g3 Kh8 33. f4 exf4 34. gxf4 Qd8 35. Bg2 f6 36. Bg3 Kg8 37. Kh2 Kf7 38. Bf3 Kg8 39. Kg2 f5 40. e5 Kf7 41. h4 g6 42. Kf2 h5 43. Kg2 Kg7 44. Bf2 Kf7 45. Ne3 Kg7 46. Nd5 Kf7 47. Kh2 Kg7 48. Kg3 Qb8 49. Kh2 Qd8 50. Ne3 Nf8 51. Kg3 Qb8 52. Bg2 Bd7 53. Qb1 Be6 54. Bd5 Bd7 55. Nf1 Qd8 56. Nh2 Be6 57. Qa2 Bf7 58. Nf3 Ne6 59. Qb1 Qc7 60. Qb5 Nb7 61. Nd2 Nbd8 62. Qa4 Kf8 63. Nf1 Be8 64. Qa1 Bc6 65. Ne3 Qb7 66. Qb1 Ke8 67. Bxc6+ Qxc6 68. Nd5 Nc7 69. Nxb6 Nde6 70. Nc8 Kd7 71. Nd6 Ne8 72. Nb5 Qe4 73. Qd1+ Ke7 74. Qd2 Qxc4 75. Na3 Qb3 76. Nc2 Qa4 77. Be3 Qe4 78. Ne1 N8c7 79. Nd3 Qd5 80. c4 Qxc4 81. Nxc5 Nd5 82. Qa5 Qe2 83. Qa7+ Nec7 84. Bf2 Qg4+ 85. Kh2 Qxf4+ 86. Kg1 Qg4+ 87. Kh2 Qe2 88. Kg1 Qg4+ 89. Kh2 Qf4+ 90. Kg1 Qxe5 91. Qa4 Kf7 92. Nd3 Qd6 93. Qd4 Ne6 94. Ne5+ Kf6 95. Ng4+ Ke7 96. Qa7+ Qc7 97. Qa3+ Kf7 98. Ne3 Nxe3 99. Qxe3 Qf4 100. Qa7+ Qc7 101. Qe3 Qd7 102. Qb3 Qc6 103. Qa2 Qb7 104. Be3 Qe7 105. Qc4 Kg7 106. Qc3+ Qf6 107. Qb4 f4 108. Bf2 Kh6 109. Qd6 g5 110. hxg5+ Qxg5+ 111. Kh2 Qf5 112. Qb8 Qc2 113. Kg1 Qd1+ 114. Kh2 Qc2 115. Kg1 Qd1+ 116. Kh2 Qe2 117. Kg1 Qg4+ 118. Kh2 f3 119. Bg3 Qd4 120. Qe5 Qxe5 121. Bxe5 h4 0-1

[Event "London Classic 14th"]
[Site "London"]
[Date "2024.12.03"]
[Round "5"]
[White "Adams, Michael"]
[Black "Vitiugov, Nikita"]
[Result "1/2-1/2"]
[WhiteElo "2662"]
[BlackElo "2668"]
[PlyCount "61"]
[EventDate "2024.11.29"]
[EventType "tourn"]
[EventRounds "7"]
[EventCountry "ENG"]
[EventCategory "16"]
[SourceTitle "CB50_2024"]
[SourceDate "2024.11.01"]
[SourceVersion "1"]
[SourceVersionDate "2024.11.01"]
[SourceQuality "2"]

1. e4 e5 2. Nf3 Nc6 3. Bc4 Bc5 4. d3 Nf6 5. Nc3 a6 6. Be3 Bxe3 7. fxe3 d6 8. a4 0-0 9. 0-0 Be6 10. Nd2 Na5 11. Bd5 Nc6 12. a5 Ne7 13. Bxe6 fxe6 14. d4 Ng6 15. Qe2 d5 16. Rad1 Qe7 17. Nf3 Nxe4 18. Nxe4 dxe4 19. Nxe5 Nxe5 20. dxe5 Qc5 21. Qd2 Rxf1+ 22. Rxf1 Rf8 23. Rxf8+ Kxf8 24. Qd8+ Kf7 25. Qd7+ Kf8 26. Qd8+ Kf7 27. Qd7+ Kf8 28. Qd8+ Kf7 29. Qd7+ Kf8 30. Qd8+ Kf7 31. Qd7+ 1/2-1/2

[Event "London Classic 14th"]
[Site "London"]
[Date "2024.12.02"]
[Round "4"]
[White "Vidit, Santosh Gujrathi"]
[Black "Adams, Michael"]
[Result "1/2-1/2"]
[WhiteElo "2739"]
[BlackElo "2662"]
[PlyCount "118"]
[EventDate "2024.11.29"]
[EventType "tourn"]
[EventRounds "7"]
[EventCountry "ENG"]
[EventCategory "16"]
[SourceTitle "CB50_2024"]
[SourceDate "2024.11.01"]
[SourceVersion "1"]
[SourceVersionDate "2024.11.01"]
[SourceQuality "2"]

1. Nf3 d5 2. g3 Nf6 3. Bg2 c5 4. 0-0 g6 5. d4 cxd4 6. Nxd4 Bg7 7. Nb3 0-0 8. Nc3 e6 9. e4 Nc6 10. exd5 Nxd5 11. Nxd5 exd5 12. c3 a5 13. Be3 a4 14. Nd4 Ne5 15. b3 Re8 16. h3 b6 17. bxa4 Bd7 18. Nb5 Bc6 19. Rb1 h5 20. Bd4 h4 21. gxh4 Qxh4 22. Nc7 Bxa4 23. Qe2 Nc4 24. Qd3 Bxd4 25. cxd4 Bc6 26. Nxe8 Rxe8 27. Rfe1 Ra8 28. Re2 Kg7 29. Qc3 Qf6 30. Rb4 Ra3 31. Rb3 Ra8 32. Qa1 Qg5 33. Qe1 Ra7 34. Rg3 Qf6 35. Rf3 Qg5 36. Qb4 Qh4 37. Rc3 Qf6 38. h4 Qxh4 39. Rxc4 dxc4 40. Bxc6 Qxd4 41. a4 Rc7 42. Bg2 Rc5 43. Re3 Ra5 44. Re8 Qa1+ 45. Kh2 Rh5+ 46. Bh3 Qd4 47. Qf8+ Kf6 48. Re3 Qd5 49. Kg3 Rg5+ 50. Kh2 Rh5 51. Qb8 Qd4 52. Rf3+ Kg7 53. Qc7 Qd5 54. Rf4 g5 55. Rxc4 Qe6 56. Rc3 g4 57. Rg3 Rxh3+ 58. Rxh3 gxh3 59. Qg3+ Kf8 1/2-1/2

[Event "London Classic 14th"]
[Site "London"]
[Date "2024.12.01"]
[Round "3"]
[White "Adams, Michael"]
[Black "Royal, Shreyas"]
[Result "1-0"]
[WhiteElo "2662"]
[BlackElo "2520"]
[PlyCount "93"]
[EventDate "2024.11.29"]
[EventType "tourn"]
[EventRounds "7"]
[EventCountry "ENG"]
[EventCategory "16"]
[SourceTitle "CB50_2024"]
[SourceDate "2024.11.01"]
[SourceVersion "1"]
[SourceVersionDate "2024.11.01"]
[SourceQuality "2"]

1. e4 c5 2. Nc3 Nc6 3. Nf3 g6 4. Bc4 Bg7 5. 0-0 d6 6. Re1 Nf6 7. d4 cxd4 8. Nxd4 0-0 9. h3 Nxd4 10. Qxd4 Ng4 11. Qd1 Ne5 12. Bb3 Be6 13. Nd5 Bxd5 14. exd5 Qc7 15. a4 Bf6 16. c3 Rfc8 17. Re4 a6 18. a5 Nd7 19. Be3 Nc5 20. Rb4 Qd7 21. Bc4 h5 22. Be2 Rc7 23. h4 Kg7 24. g3 Rb8 25. Kg2 Re8 26. Bf3 Qc8 27. g4 hxg4 28. Bxg4 Qd8 29. h5 Rh8 30. Qe2 Qe8 31. Rg1 e5 32. hxg6 fxg6 33. Kf1 Kf8 34. Bxc5 dxc5 35. Rb6 Bd8 36. Re6 Qb5 37. Qxb5 axb5 38. Rxg6 Rg7 39. Be6 Rhh7 40. d6 c4 41. Rxg7 Rxg7 42. Rh1 Rg6 43. Rh8+ Kg7 44. Rxd8 Rxe6 45. Rd7+ Kf6 46. Rxb7 Rxd6 47. Rb6 1-0

[Event "London Classic 14th"]
[Site "London"]
[Date "2024.11.29"]
[Round "1"]
[White "Jones, Gawain C B"]
[Black "Adams, Michael"]
[Result "1-0"]
[WhiteElo "2639"]
[BlackElo "2662"]
[PlyCount "81"]
[EventDate "2024.11.29"]
[EventType "tourn"]
[EventRounds "7"]
[EventCountry "ENG"]
[EventCategory "16"]
[SourceTitle "CB50_2024"]
[SourceDate "2024.11.01"]
[SourceVersion "1"]
[SourceVersionDate "2024.11.01"]
[SourceQuality "2"]

1. e4 e5 2. Nf3 Nc6 3. Bc4 Nf6 4. d4 exd4 5. e5 Ne4 6. Qe2 Nc5 7. c3 d3 8. Qe3 Be7 9. b4 Ne6 10. 0-0 d6 11. exd6 Bxd6 12. Nbd2 0-0 13. Ne4 Bf4 14. Qe1 Bxc1 15. Qxc1 d2 16. Qc2 Nf4 17. Rfd1 Bf5 18. Qxd2 Qxd2 19. Nexd2 Rfe8 20. g3 Ng6 21. Bd5 Nge7 22. Bb3 h6 23. Nc4 Ng6 24. Ba4 Bg4 25. Bxc6 bxc6 26. Kg2 c5 27. Ne3 Bxf3+ 28. Kxf3 cxb4 29. cxb4 c6 30. a4 a5 31. b5 Rab8 32. bxc6 Ne5+ 33. Kg2 Nxc6 34. Rac1 Re6 35. Rc5 Rb2 36. Nd5 Nb4 37. Nf4 Ra6 38. Rc8+ Kh7 39. Rd7 Rc6 40. Rf8 Rf6 41. Rdd8 1-0

[Event "Olympiad-45"]
[Site "Budapest"]
[Date "2024.09.21"]
[Round "10.2"]
[White "Adams, Michael"]
[Black "Bacrot, Etienne"]
[Result "1/2-1/2"]
[WhiteElo "2661"]
[BlackElo "2665"]
[PlyCount "134"]
[EventDate "2024.09.11"]
[EventType "team-swiss"]
[EventRounds "11"]
[EventCountry "HUN"]
[SourceTitle "EXT 2025"]
[Source "ChessBase"]
[SourceDate "2024.10.14"]
[SourceVersion "1"]
[SourceVersionDate "2024.10.14"]
[SourceQuality "1"]
[WhiteTeam "England"]
[BlackTeam "France"]
[WhiteTeamCountry "ENG"]
[BlackTeamCountry "FRA"]

1. e4 c5 2. Nf3 e6 3. d4 cxd4 4. Nxd4 a6 5. Bd3 Bc5 6. Nb3 Ba7 7. 0-0 Nc6 8. Re1 d6 9. Be3 Bxe3 10. Rxe3 Nf6 11. Nc3 0-0 12. Qd2 b5 13. Rd1 Ra7 14. h3 Rd7 15. a4 b4 16. Na2 Qb6 17. Rg3 g6 18. Qg5 Kg7 19. a5 Qc7 20. Rf3 Qd8 21. Qd2 Nxa5 22. Qxb4 Nxb3 23. Qxb3 Qa5 24. Qc3 Qxc3 25. Nxc3 Rb7 26. b3 Rc7 27. Bc4 Bb7 28. Rxd6 Nxe4 29. Nxe4 Bxe4 30. Re3 Bd5 31. Bxd5 exd5 32. Rxa6 Rxc2 33. Rd6 Rc1+ 34. Kh2 Rc5 35. Rd7 h6 36. h4 Rb5 37. g3 g5 38. h5 g4 39. Kg2 Kf6 40. Rd6+ Kg7 41. Re7 Rxb3 42. Rg6+ Kh7 43. Rxg4 Rb6 44. Rf4 Kg7 45. Rd7 Rf6 46. Kf3 Ra8 47. Rxd5 Ra4 48. Rxf6 Kxf6 49. g4 Ra3+ 50. Kf4 Ra4+ 51. Kg3 Ra3+ 52. f3 Ra4 53. Rd6+ Kg7 54. Kf2 Ra3 55. Ke2 Ra2+ 56. Ke3 Ra4 57. Rd4 Ra3+ 58. Ke4 Rb3 59. f4 Rg3 60. Kf5 Rh3 61. Rd6 Rh1 62. g5 Rxh5 63. Rxh6 Rxh6 64. gxh6+ Kxh6 65. Kf6 Kh5 66. Kxf7 Kg4 67. Ke8 Kxf4 1/2-1/2

[Event "Olympiad-45"]
[Site "Budapest"]
[Date "2024.09.20"]
[Round "9.2"]
[White "Nguyen, Ngoc Truong Son"]
[Black "Adams, Michael"]
[Result "1/2-1/2"]
[WhiteElo "2633"]
[BlackElo "2661"]
[PlyCount "62"]
[EventDate "2024.09.11"]
[EventType "team-swiss"]
[EventRounds "11"]
[EventCountry "HUN"]
[SourceTitle "EXT 2025"]
[Source "ChessBase"]
[SourceDate "2024.10.14"]
[SourceVersion "1"]
[SourceVersionDate "2024.10.14"]
[SourceQuality "1"]
[WhiteTeam "Vietnam"]
[BlackTeam "England"]
[WhiteTeamCountry "VIE"]
[BlackTeamCountry "ENG"]

1. d4 Nf6 2. Nf3 d5 3. c4 e6 4. Nc3 Be7 5. cxd5 exd5 6. Bf4 Nh5 7. Be5 Nc6 8. Bg3 Be6 9. e3 0-0 10. Bd3 g6 11. 0-0 Nxg3 12. hxg3 Nb4 13. Be2 c5 14. dxc5 Bxc5 15. Rc1 Bb6 16. Qb3 Qe7 17. Nd4 Bxd4 18. exd4 Nc6 19. Rfd1 Qf6 20. Nxd5 Bxd5 21. Qxd5 Rad8 22. Qf3 Qxf3 23. Bxf3 Nxd4 24. Kf1 Nxf3 25. gxf3 b6 26. b4 Rxd1+ 27. Rxd1 Rc8 28. Rd7 Rc4 29. Rxa7 Rxb4 30. a4 h5 31. a5 bxa5 1/2-1/2

[Event "Olympiad-45"]
[Site "Budapest"]
[Date "2024.09.19"]
[Round "8.2"]
[White "Kazakouski, Valery"]
[Black "Adams, Michael"]
[Result "0-1"]
[WhiteElo "2577"]
[BlackElo "2661"]
[PlyCount "82"]
[EventDate "2024.09.11"]
[EventType "team-swiss"]
[EventRounds "11"]
[EventCountry "HUN"]
[SourceTitle "EXT 2025"]
[Source "ChessBase"]
[SourceDate "2024.10.14"]
[SourceVersion "1"]
[SourceVersionDate "2024.10.14"]
[SourceQuality "1"]
[WhiteTeam "Lithuania"]
[BlackTeam "England"]
[WhiteTeamCountry "LTU"]
[BlackTeamCountry "ENG"]

1. d4 Nf6 2. c4 e6 3. Nc3 d5 4. Nf3 Be7 5. Bf4 0-0 6. e3 Nbd7 7. c5 c6 8. b4 b6 9. h4 a5 10. a3 h6 11. Bd3 Ba6 12. Bxa6 Rxa6 13. b5 cxb5 14. c6 Qc8 15. c7 b4 16. Nb5 a4 17. Rc1 Ne4 18. Nd2 Ndf6 19. Nxe4 dxe4 20. Nd6 Bxd6 21. Bxd6 b3 22. Bxf8 Kxf8 23. Qd2 Nd5 24. f3 exf3 25. gxf3 Ra7 26. e4 Rxc7 27. Rxc7 Nxc7 28. Qb4+ Kg8 29. Kf2 b5 30. Qc5 Qd7 31. Ke3 Ne8 32. Rg1 Nd6 33. h5 f5 34. Kd3 Kh7 35. Ke3 fxe4 36. fxe4 Nc4+ 37. Ke2 b2 38. Rb1 e5 39. Rg1 exd4 40. Qd5 Qxd5 41. exd5 b4 0-1